000 00365 a2200157 4500
001 47640
020 _a978843121957
040 _cAnchieta - Aquarius
100 _aHurwitz, Andy Blackman
240 1 0 _aNursery Rhyme Jazz
_lpor
245 1 0 _aNursery Rhyme Jazz
300 _a15
362 0 _a2007
650 4 _aLiteratura infanto-juvenil em inglês
942 _cBK
999 _c47640
_d47640